000 01019 a2200229 4500
001 48113
005 20260407155747.0
008 260407a1998 arg spa d
003 AR-UNSa-BCEJYS
040 _aAR-UNSa-BCEJYS
_bspa
_cAR-UNSa-BCEJYS
080 _a165
_xTeoría del conocimiento. Epistemología
245 1 0 _aLa ciencia y el imaginario social
020 _a978-950-786-104-8
264 1 _aBuenos Aires :
_bBiblos
_c1998
300 _a343 p.
_c22 cm.
505 _a1. El imaginario social y las características de la ciencia - 2. El conocimiento: del sujeto trascendental a los sujetos históricos - 3. El imaginario social y los métodos científicos - 4. Las ciencias sociales contemporáneas - 5. Análisis de la constitución de un imaginario social - 6. La era de la posciencia.
041 _aspa
942 _cBK
590 _aniveau_biblio:m niveau_hierar:0
100 1 _aDíaz, Esther
856 4 1 _uhttps://www.biblioeco.unsa.edu.ar/pmb/images/libros/L127856.jpg
_yImagen de portada
_qimage/jpeg
999 _c4552
_d4552